| 000 | 00525 a2200193 4500 | ||
|---|---|---|---|
| 005 | 20260406150947.0 | ||
| 008 | 260406b |||||||| |||| 00| 0 eng d | ||
| 020 |
_a9781108724449 _cRs. 1150.00 |
||
| 040 | _aMAIN | ||
| 082 |
_a660 _bA15E(2) |
||
| 100 | _aAgarwal, Shikha | ||
| 245 | _aEngineering chemistry: Fundamentals and applications | ||
| 250 | _a2nd | ||
| 260 |
_bCambridge University Press _c2026 _aNew Delhi |
||
| 300 | _axxiii, 1315 | ||
| 650 | _aTechnology | ||
| 650 | _aChemical Engineering | ||
| 942 | _cBK | ||
| 999 |
_c397125 _d397125 |
||